000 00481nam a22001937a 4500
003 MPLRDC
005 20220104143633.0
008 210129b ||||| |||| 00| 0 eng d
020 _a7-5434-3748-1
082 _a859.3 SJMZ v.9
100 _aMARK TWAIN
245 _a小哈克奇遇记
_c
250 _a一版一刷
260 _a
_b河北教育出版社
_c2000
300 _b
490 _a世界名著之旅
650 _a儿童外国文学
942 _cBK
_o859.3 SJMZ v.9
999 _c41868
_d41858